000 00505nam a22001697a 4500
003 OSt
005 20140310181755.0
008 130629t xxu||||| |||| 00| 0 eng d
050 _aSB 403.2
_b.M183 1995
082 _aFIL 635.909599
_bM437 1995
245 _aA pictorial of cyclopedia of Philippine ornamental plants /
_cDomingo A. Madulid
260 _aMakati City :
_bBookmark,
_c1995.
300 _a388 p. :
_bill. (some col.) ;
_c29 cm.
541 _j1
562 _e1
942 _2lcc
_cIB
_kIB
999 _c3415
_d3415